| 000 | 01413 a2200241 4500 | ||
|---|---|---|---|
| 001 | 18 | ||
| 005 | 20260407155402.0 | ||
| 008 | 260407a2000 arg spa d | ||
| 003 | AR-UNSa-BCEJYS | ||
| 040 |
_aAR-UNSa-BCEJYS _bspa _cAR-UNSa-BCEJYS |
||
| 080 |
_a658.3 _xPersonal. Relaciones humanas en la empresa (Recursos Humanos) |
||
| 245 | 1 | 0 | _aAdministración de recursos humanos |
| 020 | _a978-958-41-0037-5 | ||
| 250 | _a5a. ed | ||
| 264 | 1 |
_aBogotá : _bMcGraw-Hill _c2000 |
|
| 300 |
_axviii, 699 p. _c23 cm. |
||
| 505 | _a1. Las organizaciones - 2. Las personas - 3. Las personas y las organizaciones - 4. Administración de recursos humanos - 5. Reclutamiento de personas - 6. Selección de personal - 7. Diseño de cargos - 8. Descripción y análisis de cargos - 9. Evaluación de desempeño humano - 10. Compensación (administración de salarios) - 11. Planes de beneficios sociales - 12. Higiene y seguridad en el trabajo - 13. Relaciones laborales - 14. Entrenamiento y desarrollo de personal - 15. Desarollo organizacional - 16. Base de datos y sistemas de información - 17.Auditoría de recursos humanos | ||
| 942 | _cBK | ||
| 590 | _aniveau_biblio:m niveau_hierar:0 | ||
| 100 | 1 | _aChiavenato, Idalberto | |
| 700 | 1 | _aVillamizar, Germán Alberto | |
| 856 | 4 | 1 |
_uhttps://biblioeco.unsa.edu.ar/pmb/images/libros/Administracion de Recursos Humanos 5ed (Chiavenato).jpg _yImagen de portada _qimage/jpeg |
| 999 |
_c14 _d14 |
||